|
|
|
|
| LEADER |
00000nab a2200000 a 4500 |
| 001 |
vtls000630198 |
| 003 |
SK-MaSNL |
| 005 |
20260302200638.0 |
| 008 |
160401c1996 xo 0 slo |
| 015 |
|
|
|a SNBRB19rr/mm-uuuuu
|
| 035 |
|
|
|a CL0630337
|
| 040 |
|
|
|a SNKBUCL
|b slo
|c SNKBUCL
|e AACR2
|
| 041 |
0 |
|
|a slo
|
| 044 |
|
|
|a xo
|c SK
|
| 080 |
|
|
|a 658.8
|2 1981
|
| 080 |
|
|
|a 339.138
|2 1981
|
| 100 |
1 |
|
|a Podstupka, Martin
|4 aut
|9 270483
|
| 245 |
1 |
0 |
|a Najvýraznejšie prednosti telemarketingu: priamy kontakt a okamžitá spätná väzba
|c Martin Podstupka
|
| 650 |
0 |
7 |
|a telemarketing
|2 snkbucl
|9 94136
|
| 655 |
|
7 |
|a články z novín a časopisov
|2 snkbucl
|9 267496
|
| 773 |
0 |
|
|t Trend
|g Č. 40 (1996)
|
| 773 |
0 |
|
|t [Príl.] Reklamné listy
|g Č. 13 (40) (1996), s. 5C
|
| 850 |
|
|
|a Slovenská národná knižnica v Martine
|a MTA001
|
| 852 |
|
|
|a SNK
|b KIS3GCP
|
| 958 |
|
|
|a NX
|
| 958 |
|
|
|a RK
|
| 958 |
|
|
|a RBX
|
| 999 |
|
|
|c 1457713
|d 1459643
|